Harry Potter et l'Ordre du Phénix - Statistiques

Statistiques générales
  • Ce quiz a été pris 49 fois
  • Le résultat moyen est 11 sur 15
Statistiques - réponses
Citations Personnages % Correct
C’est vous le faible et vous ne connaîtrez jamais l’amour ni l’amitié. Et je vous plains. Harry Potter
95%
Si, mais toi tu as la capacité émotionnelle d’une petite cuillère. Hermione Granger
93%
Votre père était un salaud ! Severus Rogue
93%
Vous avez tous un rôle à jouer, même les plus jeunes. Ne doutez jamais de votre pouvoir. Albus Dumbledore
86%
Avada Kedavra Bellatrix Lestrange
81%
Et Fred et moi on est quoi, des voisins de palier ? George Weasley
81%
Trop faible… Trop, vulnérable. Regarde‑moi, Harry… Lord Voldemort
81%
Ne m’apelle pas NYMPHADORA ! Tonks Nyphadora
76%
Du gui Cho Chang
67%
Dans le monde il n’y a pas d’un côté le bien et le mal, il y a une part de lumière et d’ombre en chacun de nous. Ce qui compte, c’est celle que l’on choisit de montrer dans nos actes. Sirius Black
67%
Oh Ronald, c’est merveilleux ! Tout le monde a été préfet dans la famille ! Fred Weasley
60%
Harry, qu’est‑ce qui se passera si Ombrage nous découvre ? Ginny Weasley
60%
Ce que Cornelius ignore ne peut pas lui faire de tort. Dolores Ombrage
52%
Les choses que nous perdons ont une façon de revenir vers nous d’une manière ou d’une autre. Luna Lovegood
52%
Restez en formation, tout le monde. Et ne cassez pas les rangs si l’un de nous tombe ! Alastor Maugrey
33%
Aucun quiz correspondant
Distribution des résultats
% des personnes avec chaque résultat
Percentile par nombre de réponses
Votre historique - résultats
Vous n’avez pas pris ce quiz